000 00557nam a2200217Ia 4500
003 OSt
005 20220928141741.0
006 a|||||r|||| 00| 0
007 ta
008 220927b |||||||| |||| 00| 0 eng d
024 _a17397
037 _cTextual
040 _aSDCL
_cSDCL
_beng
041 _2eng
_aeng
082 _aB37:4, M5
100 _aPnevmatikos Spyros N Ed.
_9502030
245 0 _aSingularities & dynamical systems.
260 _c1985
942 _hB37:4, M5
_cTEXL
_2CC
999 _c819718
_d819718